Sustainable insect pest management

Αποθηκεύτηκε σε:
Λεπτομέρειες βιβλιογραφικής εγγραφής
Άλλοι συγγραφείς: Ignacimuthu, S. (Επιμελητής έκδοσης), Jayaraj, S. (Επιμελητής έκδοσης)
Μορφή: Βιβλίο
Γλώσσα:English
Δημοσίευση: New Delhi : Narosa Publishing House, 2005
Θέματα:
Ετικέτες: Προσθήκη ετικέτας
Δεν υπάρχουν, Καταχωρήστε ετικέτα πρώτοι!

MARC

LEADER 00000nam a2200000 i 4500
001 1/90136
008 080630s2005 eng d
020 |a 81-7319-608-7 
035 |l 10098559 
040 |a GR-MY-UA  |b gre  |e aacr 
041 0 |a eng 
082 0 |a 632.7  |2 (22) 
245 1 0 |a Sustainable insect pest management /  |c edited by: S. Ignacimuthu, S. Jayaraj 
260 |a New Delhi :   |b Narosa Publishing House,   |c 2005 
300 |a ix, 298 σ.;  |b πίν.;  |c 26 εκ. 
504 |a σχ., πίν. 
650 0 0 |a Insect pests  |x Control. 
700 1 |a Ignacimuthu, S.  |4 edt 
700 1 |a Jayaraj, S.  |4 edt 
852 |a INST  |b LESVOS  |e 20080630  |h 632.7 SUS  |p 005100042671  |q 005100042671  |t BK  |y 0 
901 |a BIBL1-2008-2 
909 |a Λ  |b 152118 
922 |a 1ΕΛΗ  |b 200803  |c ΕΠΕΑΕΚ2/ΤΠ  |d ΕΛΕΥΘΕΡΟΥΔΑΚΗΣ 
970 |a ΧΑΤΖΗΜΙΧΑΗΛ  |b ΜΑΡΙΑ  |z 2008/06/30